| Поле | Инд. | ПП | Название | Значение |
|---|---|---|---|---|
| Тип записи | a | |||
| Библиографический уровень | b | |||
| 001 | Контрольный номер | RU/IS/BASE/508252996 | ||
| 005 | Дата корректировки | 20200629065937.7 | ||
| 008 | Кодируемые данные | 20160208 | ||
| 040 | b | Код языка каталог. | rus | |
| e | Правила каталог. | PSBO | ||
| 041 | 0_ | a | Код языка текста | rus |
| 084 | a | Индекс другой классификации/Индекс ББК | 74.480.44(2) | |
| 100 | 1_ | a | Автор | Рощин С. Ю. |
| q | Полное имя | Рощин Сергей Юрьевич | ||
| 100 | 1_ | a | Автор | Рудаков В. Н. |
| q | Полное имя | Рудаков Виктор Николаевич | ||
| 245 | 10 | a | Заглавие | Измеряют ли стартовые заработные платы выпускников [вузов ]качество образования? |
| b | Продолж. заглавия | Обзор российских и зарубежных исследований | ||
| 504 | a | Библиография | Лит. в конце статьи | |
| 520 | a | Аннотация | Представлен обзор исследований факторов, определяющих стартовую заработную плату выпускников вузов: насколько заработная плата выпускников может являться измерителем качества полученного образования. Показано множество факторов (кроме образования), оказывающих влияние на уровень зарплаты: несовершенства рынка труда, стратегии выхода на рынок, разнородность рабочих мест, разнородность выпускников, их индивидуальные предпочтения... | |
| 650 | 14 | a | Основная рубрика | высшее образование |
| a | Основная рубрика | образование | ||
| a | Основная рубрика | профессиональное образование | ||
| 653 | 1_ | a | Ключевые слова | академическая успеваемость |
| a | Ключевые слова | востребованность специальности | ||
| a | Ключевые слова | выпускники вузов | ||
| a | Ключевые слова | высшие учебные заведения | ||
| a | Ключевые слова | заработная плата | ||
| a | Ключевые слова | индивидуальные предпочтения | ||
| a | Ключевые слова | качество образования | ||
| a | Ключевые слова | мониторинг выпускников | ||
| a | Ключевые слова | образовательная политика | ||
| a | Ключевые слова | образовательные стратегии | ||
| a | Ключевые слова | образовательные траектории | ||
| a | Ключевые слова | Россия | ||
| a | Ключевые слова | рынок труда | ||
| a | Ключевые слова | семейный капитал | ||
| a | Ключевые слова | совмещение учебы и работы | ||
| a | Ключевые слова | способности | ||
| a | Ключевые слова | теория компенсирующих различий | ||
| a | Ключевые слова | теория образовательных сигналов | ||
| a | Ключевые слова | теория человеческого капитала | ||
| a | Ключевые слова | университеты | ||
| a | Ключевые слова | уровень заработной платы | ||
| a | Ключевые слова | уровень образования | ||
| a | Ключевые слова | эконометрические исследования | ||
| a | Ключевые слова | экономика образования | ||
| 773 | 08 | t | Заглавие источника | Вопросы образования |
| d | Дата издания источника | 2015 | ||
| g | Прочая информация | № 1. - С. 137 - 181 | ||
| w | Контрольный № источника | RU/IS/BASE/482515005 | ||
| 901 | t | Тип документа | b |